000 00728nam a2200229 a 4500
001 212
003 BD-RjUL
005 20211208233130.0
008 131113t19631960enk b 001 0 eng d
035 _a(BD-RjUL) 226
040 _aYAH
_cBD-RjUL
_dm.c
_beng
041 _aeng
082 0 0 _216
_a811.4
_bANE 1960
100 1 _aAnderson, Charles Roberts,
_d1902-1999
_9641
245 1 0 _aEmily Dickinson's poetry :
_bstairway of surprise /
_cby Charles R. Anderson
260 _aNew york :
_bHolt, Rinehart and Winston,
_cc1960
300 _axviii, 334 p. ;
_c22 cm
500 _aBibliographical references
526 _aDept. of English Literature
_bDept. of English Literature
650 _aWomen and literature
_9744
942 _2ddc
_cBK
999 _c212
_d212